header

Japan : (Record no. 137965)

MARC details
000 -LEADER
fixed length control field 01278nam a2200349 i 4500
001 - CONTROL NUMBER
control field ebr10790808
003 - CONTROL NUMBER IDENTIFIER
control field CaPaEBR
006 - FIXED-LENGTH DATA ELEMENTS--ADDITIONAL MATERIAL CHARACTERISTICS--GENERAL INFORMATION
fixed length control field m o d
007 - PHYSICAL DESCRIPTION FIXED FIELD--GENERAL INFORMATION
fixed length control field cr cn|||||||||
008 - FIXED-LENGTH DATA ELEMENTS--GENERAL INFORMATION
fixed length control field 131122t19042012nz o 000 0 eng d
020 ## - INTERNATIONAL STANDARD BOOK NUMBER
International Standard Book Number 9781776524150 (e-book)
International Standard Book Number 9781775562962 (e-book)
040 ## - CATALOGING SOURCE
Original cataloging agency CaPaEBR
Language of cataloging eng
Description conventions rda
-- pn
Transcribing agency CaPaEBR
035 ## - SYSTEM CONTROL NUMBER
System control number (OCoLC)899045261
043 ## - GEOGRAPHIC AREA CODE
Geographic area code a-ja---
050 14 - LIBRARY OF CONGRESS CALL NUMBER
Classification number DS810
Item number .H437 1904eb
082 04 - DEWEY DECIMAL CLASSIFICATION NUMBER
Classification number 952.04
Edition number 23
100 1# - MAIN ENTRY--PERSONAL NAME
Personal name Hearn, Lafcadio,
Dates associated with a name 1850-1904.
245 10 - TITLE STATEMENT
Title Japan :
Remainder of title an attempt at interpretation /
Statement of responsibility, etc Lafcadio Hearn.
264 #1 - PRODUCTION, PUBLICATION, DISTRIBUTION, MANUFACTURE, AND COPYRIGHT NOTICE
Place of production, publication, distribution, manufacture [Auckland, New Zealand] :
Name of producer, publisher, distributor, manufacturer The Floating Press,
Date of production, publication, distribution, manufacture, or copyright notice 1904.
Date of production, publication, distribution, manufacture, or copyright notice �2012
300 ## - PHYSICAL DESCRIPTION
Extent 1 online resource (356 pages)
336 ## - CONTENT TYPE
Content type term text
Source rdacontent
337 ## - MEDIA TYPE
Media type term computer
Source rdamedia
338 ## - CARRIER TYPE
Carrier type term online resource
Source rdacarrier
588 ## - SOURCE OF DESCRIPTION NOTE
Source of description note Description based on print version record.
590 ## - LOCAL NOTE (RLIN)
Local note Electronic reproduction. Palo Alto, Calif. : ebrary, 2013. Available via World Wide Web. Access may be limited to ebrary affiliated libraries.
651 #0 - SUBJECT ADDED ENTRY--GEOGRAPHIC NAME
Geographic name Japan
General subdivision Civilization.
655 #0 - INDEX TERM--GENRE/FORM
Genre/form data or focus term Electronic books.
797 2# - LOCAL ADDED ENTRY--CORPORATE NAME (RLIN)
Corporate name or jurisdiction name as entry element ebrary.
856 40 - ELECTRONIC LOCATION AND ACCESS
Uniform Resource Identifier <a href="http://site.ebrary.com/lib/rucke/Doc?id=10790808">http://site.ebrary.com/lib/rucke/Doc?id=10790808</a>
Public note An electronic book accessible through the World Wide Web; click to view

No items available.

© 2026 Rongo University
Contact us: librarian | system librarian | Rongo university